Documentos de Puebla
Salvato in:
| Natura: | Libro |
|---|---|
| Lingua: | spagnolo |
| Pubblicazione: |
Madrid
PPC
1979
|
| Edizione: | 1a. ed |
| Serie: | Colección Puebla
|
| Soggetti: | |
| Tags: |
Aggiungi Tag
Nessun Tag, puoi essere il primo ad aggiungerne!!
|
MARC
| LEADER | 00000cam a2200000 a 4500 | ||
|---|---|---|---|
| 001 | UCC6377 | ||
| 003 | CL-VaPUC | ||
| 008 | 181207e19790000sp |||||||||||||||||spa|d | ||
| 020 | |a 8428804621 | ||
| 082 | 0 | 4 | |a 261.1 |b DOC |2 21 |
| 245 | 1 | 0 | |a Documentos de Puebla |
| 250 | |a 1a. ed | ||
| 300 | |a 334 p | ||
| 942 | |c BK | ||
| 945 | |d 20181207 13:37:00 |a dcastane | ||
| 260 | |a Madrid |b PPC |c 1979 | ||
| 650 | 0 | |a Teología social de la Iglesia |9 378196 | |
| 650 | 0 | |a Iglesia Católica |9 256114 | |
| 650 | 0 | |a Eclesiología |9 366152 | |
| 650 | 0 | |a Ecumenismo |9 255639 | |
| 583 | |a last modification |c 20181207 13:37:00 |k Rodrigo Vera | ||
| 490 | 0 | |a Colección Puebla | |
| 999 | |c 373326 |d 373324 | ||
| 952 | |0 0 |1 0 |3 erb |4 0 |6 261_100000000000000_DOC_1979 |7 0 |8 A |9 491396 |a BIBTEO |b BIBTEO |e Precht Pizarro, Jorge Enrique |i 5520029 |o 261.1 DOC 1979 |p 5520029 |r 2025-01-17 |w 2019-11-24 |y BK |z Catalogado en:20181207 |k ICR | ||